000 00805nam a2200193Ii 4500
003 JO-AjNU
008 230605s9999||||xx |||||||||||||| ||und||
040 _aJO-AjNU
_bara
_erda
_cJO-AjNU
041 _aara
050 1 4 _aHG4538 2012
100 3 _aاعداد: احمد، فايز عبدالهادي,
_eauthor
_933918
245 0 0 _aالاستثمار الاجنبي المباشر: دراسة تطبيقية على المملكة العربية السعودية
264 3 1 _aالقاهرة: المنظمة العربية للتنمية الادارية، 2012
300 _a82ص
_bيحتوي على ببلوغرافية من 74-82ص
336 _atext
_btxt
_2rdacontent
337 _aunmediated
_bn
_2rdamedia
338 _avolume
_bnc
_2rdacarrier
650 4 _aالاستثمار الاجنبي
_933919
999 _aA13853
_c17421
_d17421